000 00430nam a2200181Ia 4500
001 24529
005 20260414151049.0
008 260414t2001||||xx |||||||||||||| ||spa||
041 _aESP
082 _a345.72
_bD59 V. 3
100 _a Mittermaier, Karl Joseph Anton
_eAUT
245 0 _aPruebas en materia criminal
_b
260 _c2001
300 _a
_c28 cm.
650 _aDER
654 _aCDE
942 _cLIB
_dJUS
_fJUS
_2ddc
_n
999 _c24529
_d24529